|
|
|
|
| LEADER |
00000cam a2200000 c 4500 |
| 001 |
1698218915 |
| 003 |
DE-627 |
| 005 |
20251226183942.0 |
| 007 |
tu |
| 008 |
200513s2019 gw ||||| 00| ||ger c |
| 015 |
|
|
|a 20,B20
|2 dnb
|
| 016 |
7 |
|
|a 1203389221
|2 DE-101
|
| 035 |
|
|
|a (DE-627)1698218915
|
| 035 |
|
|
|a (DE-599)DNB1203389221
|
| 035 |
|
|
|a (OCoLC)1155807465
|
| 040 |
|
|
|a DE-627
|b ger
|c DE-627
|e rda
|
| 041 |
|
|
|a ger
|
| 044 |
|
|
|c XA-DE
|
| 082 |
0 |
|
|a 344.035
|q DE-101
|
| 082 |
0 |
4 |
|a 340
|a 360
|q DE-101
|
| 245 |
0 |
0 |
|a 60 Jahre JVA Frankfurt am Main IV, Gustav-Radbruch-Haus, 1959-2019
|b Festschrift
|c Redaktion: Nora Stang-Albrecht, Dr. Gunter Fleck ; Fotos: Sascha Jorzig, Manuel Awad, Archiv der JVA Frankfurt am Main IV - Gustav-Radbruch-Haus
|
| 246 |
3 |
3 |
|a Sechzig Jahre JVA Frankfurt am Main IV, Gustav-Radbruch-Haus, 1959-2019
|
| 264 |
|
1 |
|a Frankfurt am Main
|b Justizvollzugsanstalt Frankfurt am Main IV - Gustav-Radbruch-Haus
|c 2019
|
| 300 |
|
|
|a X, 122 Seiten
|b Illustrationen
|
| 336 |
|
|
|a Text
|b txt
|2 rdacontent
|
| 337 |
|
|
|a ohne Hilfsmittel zu benutzen
|b n
|2 rdamedia
|
| 338 |
|
|
|a Band
|b nc
|2 rdacarrier
|
| 655 |
|
7 |
|a Festschrift
|0 (DE-588)4016928-5
|0 (DE-627)104400986
|0 (DE-576)208917802
|2 gnd-content
|
| 689 |
0 |
0 |
|d b
|0 (DE-588)2144844-9
|0 (DE-627)183866231
|0 (DE-576)195180194
|a Justizvollzugsanstalt Frankfurt am Main, 4
|2 gnd
|
| 689 |
0 |
|
|5 DE-101
|
| 700 |
1 |
|
|a Stang-Albrecht, Nora
|e HerausgeberIn
|0 (DE-588)1205110321
|0 (DE-627)1690488824
|4 edt
|
| 710 |
2 |
|
|a Justizvollzugsanstalt Frankfurt am Main, 4
|e GefeierteR
|0 (DE-588)2144844-9
|0 (DE-627)183866231
|0 (DE-576)195180194
|4 hnr
|
| 856 |
4 |
2 |
|u https://d-nb.info/1203389221/04
|m B:DE-101
|q application/pdf
|v 2020-05-13
|x Verlag
|3 Inhaltsverzeichnis
|7 1
|
| 935 |
|
|
|a mkri
|
| 951 |
|
|
|a BO
|
| ELC |
|
|
|b 1
|
| LOK |
|
|
|0 000 xxxxxcx a22 zn 4500
|
| LOK |
|
|
|0 001 3671219130
|
| LOK |
|
|
|0 003 DE-627
|
| LOK |
|
|
|0 004 1698218915
|
| LOK |
|
|
|0 005 20200610172226
|
| LOK |
|
|
|0 008 200526||||||||||||||||ger|||||||
|
| LOK |
|
|
|0 040
|a DE-Frei85
|c DE-627
|d DE-Frei85
|
| LOK |
|
|
|0 852
|a DE-Frei85
|
| LOK |
|
|
|0 852 1
|m p
|9 00
|
| LOK |
|
|
|0 938
|k p
|
| LOK |
|
|
|0 939
|a 26-05-20
|b l01
|
| ORI |
|
|
|a SA-MARC-krimdoka001.raw
|